| 000 | 00000nam##2200000za#4500 |
| 001 | 9.604219 |
| 003 | CaOODSP |
| 005 | 20210624211449 |
| 007 | cr ||||||||||| |
| 008 | 150406|1998||||xxc|||||o f|0| 0 fre|d |
| 040 | |aCaOODSP|bfre |
| 043 | |an-cn--- |
| 086 | 1 |aMP32-29/98-10F-PDF |
| 110 | 1 |aCanada.|bDéveloppement des ressources humaines Canada. |
| 245 | 13|aLa situation de l'emploi des jeunes au Canada : |h[ressource électronique]|bquelques explications et perspectives d’avenir / |cpar Claude Lavoie et Ali Béjaoui. |
| 250 | |a1ère éd., Internet |
| 260 | |aOttawa - Ontario : |bDéveloppement des ressources humaines Canada |c1999. |
| 300 | |a27p.|bfigures, graphiques, références, tableaux |
| 490 | 1 |aDocument de recherche|vR-98-10F |
| 500 | |a«Décembre 1998»--p.1 de 27. |
| 520 | 3 |aL'objectif de ce travail consiste à apporter des éléments de réponses aux interrogations soulevées quant à la situation de l'emploi des jeunes. Les deux premières parties de ce travail tentent d'expliquer pourquoi le taux de chômage des jeunes a continuellement été plus élevé et plus sensible aux variations du cycle économique que celui des adultes. La troisième partie aborde particulièrement la baisse de l'emploi chez les jeunes au cours des deux dernières décennies. Finalement, la quatrième partie jette un regard sur les perspectives d'avenir et les implications politiques. |
| 546 | |aAbstract in English. |
| 590 | |a12-31-Supp|b2012-07-06 |
| 691 | 07|aEmploi|2gcpds |
| 691 | 07|aJeunesse|2gcpds |
| 720 | 1 |aLavoie, Claude |
| 720 | 1 |aBéjaoui, Ali |
| 776 | 0#|tLa situation de l'emploi des jeunes au Canada : |w(CaOODSP)9.625003 |
| 830 | #0|aDocument de recherche ;|vR-98-10F|w(CaOODSP)9.500897 |
| 856 | 40|ahttp://publications.gc.ca|qPDF|s464 Ko|uhttps://publications.gc.ca/collections/Collection/MP32-29-98-10F.pdf|yR-98-10F |